000
00288nam a2200097Ia 4500
082
_a
658.83 MARK
245
0
_a
Marketing research in practice
100
_a
Tustin, D. H. Pretoria [South Africa], [c.2010] 1st ed
_9
7061
942
_c
BK
008
210817s9999 xx 000 0 und d
999
_c
211468
_d
211466